All FIFA members - Statistics

General Stats
  • This quiz has been taken 1,491 times
    1,080 since last reset
  • The average score is 140 of 211
Answer Stats
Answer % Correct
England
89%
USA
86%
France
85%
Germany
85%
Portugal
85%
Russia
85%
Spain
85%
Argentina
84%
Belgium
84%
China
84%
Norway
84%
Republic of Ireland
84%
Sweden
84%
Australia
83%
Austria
83%
Brazil
83%
Canada
83%
Denmark
83%
Finland
83%
Italy
83%
Mexico
83%
Scotland
83%
Croatia
82%
Netherlands
82%
Wales
82%
Iceland
81%
Japan
81%
Korea Republic
81%
Poland
81%
Albania
80%
Chile
80%
Korea DPR
80%
Switzerland
80%
New Zealand
79%
Serbia
79%
Turkey
79%
Ukraine
79%
Uruguay
79%
Andorra
78%
Greece
78%
Hungary
78%
India
78%
Iran
78%
Northern Ireland
78%
Peru
78%
San Marino
78%
Slovakia
78%
Bulgaria
77%
Estonia
77%
Iraq
77%
Latvia
77%
Paraguay
77%
Romania
77%
Armenia
76%
Egypt
76%
Israel
76%
Lithuania
76%
Slovenia
76%
Algeria
75%
Bosnia
75%
Czech Republic
75%
Ecuador
75%
Indonesia
75%
Panama
75%
Qatar
75%
Honduras
74%
Saudi Arabia
74%
Belarus
73%
Bolivia
73%
Colombia
73%
Niger
73%
South Africa
73%
Costa Rica
72%
Cyprus
72%
Kosovo
72%
Luxembourg
72%
Montenegro
72%
Morocco
72%
Pakistan
72%
Vietnam
72%
Azerbaijan
71%
Cuba
71%
Nigeria
71%
Venezuela
71%
Georgia
70%
Ghana
70%
Jamaica
70%
Oman
70%
Tunisia
70%
FYR Macedonia
69%
Malta
69%
Nepal
69%
Senegal
69%
Yemen
69%
Afghanistan
68%
Haiti
68%
Jordan
68%
Kazakhstan
68%
Laos
68%
Moldova
68%
Syria
68%
Angola
67%
Cameroon
67%
Congo DR
67%
Dominica
67%
El Salvador
67%
Mongolia
67%
Republic of Congo
67%
Trinidad and Tobago
67%
United Arab Emirates
67%
Bahrain
66%
Bhutan
66%
Guinea
66%
Guyana
66%
Libya
66%
Madagascar
66%
Malaysia
66%
Sudan
66%
Thailand
66%
Fiji
65%
Kuwait
65%
Liechtenstein
65%
Singapore
65%
Suriname
65%
Uzbekistan
65%
Bahamas
64%
Bangladesh
64%
Cambodia
64%
Chinese Taipei
64%
Guatemala
64%
Mali
64%
Myanmar
64%
Sri Lanka
64%
Togo
64%
Turkmenistan
64%
Barbados
63%
Belize
63%
Brunei
63%
Chad
63%
Ethiopia
63%
Gibraltar
63%
Nicaragua
63%
Somalia
63%
South Sudan
63%
Tajikistan
63%
Dominican Republic
62%
Ivory Coast
62%
Kenya
62%
Lebanon
62%
Zambia
62%
Antigua and Barbuda
61%
Faroe islands
61%
Lesotho
61%
Namibia
61%
Saint Lucia
61%
Tanzania
61%
Zimbabwe
61%
Benin
60%
Gabon
60%
Gambia
60%
Liberia
60%
Eritrea
59%
Saint Kitts and Nevis
59%
Botswana
58%
Cape verde
58%
Guinea-Bissau
58%
Maldives
58%
Palestine
58%
Burundi
57%
East Timor
57%
Rwanda
57%
Burkina faso
56%
Djibouti
56%
Philippines
56%
Samoa
56%
Tonga
56%
Uganda
56%
Central African Republic
55%
Comoros
55%
Grenada
55%
Kyrgyzstan
55%
Mauritania
55%
Mauritius
55%
Seychelles
55%
Equatorial Guinea
53%
Hong Kong
53%
Mozambique
53%
Saint Vincent and the Grenadines
53%
Vanuatu
53%
Malawi
52%
Sao Tome and Principe
51%
Sierra Leone
51%
Solomon Islands
51%
Guam
47%
Bermuda
46%
Swaziland
46%
Aruba
45%
Curacao
45%
Puerto Rico
44%
Tahiti
42%
American Samoa
40%
Macau
40%
British Virgin islands
39%
US Virgin Islands
37%
Cayman Islands
36%
Cook Islands
36%
New Caledonia
35%
Anguilla
34%
Montserrat
34%
Turks and Caicos Islands
25%
Papau New Guinea
19%
No matching quizzes found
Score Distribution
Percent of People with Each Score
Percentile by Number Answered
Your Score History
You have not taken this quiz since the last reset